[Event "Trondheim Pokal TSF"]
[Site "Trondheim"]
[Date "2020.11.02"]
[Round "6"]
[White "Dasvand, Mathias"]
[Black "Kveine, Sigurd Wist"]
[Result "1-0"]
[WhiteElo "1563"]
[BlackElo "1329"]
[PlyCount "67"]
[EventDate "2020.09.07"]
[EventType "swiss"]
[EventRounds "9"]
[EventCountry "NOR"]
[SourceTitle "EXT 2024"]
[Source "ChessBase"]
[SourceDate "2023.10.10"]
[SourceVersion "1"]
[SourceVersionDate "2023.10.10"]
[SourceQuality "1"]

1. c4 g6 2. d4 Bg7 3. Nc3 d6 4. e4 Nc6 5. d5 Ne5 6. f4 Nd7 7. Be3 Ngf6 8. Nf3 Nc5 9. e5 Nfd7 10. Be2 b6 11. Bd4 0-0 12. 0-0 f5 13. Ng5 h6 14. Nf3 e6 15. b4 Nb7 16. exd6 Nxd6 17. Bxg7 Kxg7 18. c5 Ne8 19. dxe6 Nef6 20. exd7 Bxd7 21. Ne5 Qe7 22. Nxd7 Rad8 23. Qc1 Rxd7 24. Re1 Re8 25. Bb5 Qxe1+ 26. Qxe1 Rxe1+ 27. Rxe1 Rd2 28. cxb6 cxb6 29. Re7+ Kf8 30. Rxa7 Ng4 31. h3 Ne3 32. Ne2 Rd1+ 33. Kf2 Nd5 34. Rd7 1-0

[Event "Trondheim Pokal TSF"]
[Site "Trondheim"]
[Date "2020.10.29"]
[Round "7"]
[White "Kveine, Sigurd Wist"]
[Black "Brekke, John Ivar"]
[Result "1-0"]
[WhiteElo "1329"]
[BlackElo "1634"]
[PlyCount "65"]
[EventDate "2020.09.07"]
[EventType "swiss"]
[EventRounds "9"]
[EventCountry "NOR"]
[SourceTitle "EXT 2024"]
[Source "ChessBase"]
[SourceDate "2023.10.10"]
[SourceVersion "1"]
[SourceVersionDate "2023.10.10"]
[SourceQuality "1"]

1. e4 e5 2. Nf3 Nc6 3. d4 exd4 4. Nxd4 Nf6 5. Nxc6 bxc6 6. e5 Nd5 7. c4 Nb6 8. Nc3 g6 9. Bf4 Bb7 10. Ne4 Bg7 11. Bg5 Qc8 12. Nf6+ Kf8 13. a4 d6 14. exd6 Qe6+ 15. Qe2 Qxe2+ 16. Bxe2 h6 17. c5 hxg5 18. cxb6 Bxf6 19. bxc7 Bc8 20. 0-0-0 Bd7 21. h3 Be5 22. Bf3 f5 23. Rhe1 Re8 24. Bxc6 Bxc6 25. Rxe5 Bd7 26. Rde1 Rxe5 27. Rxe5 Rh7 28. Rb5 Kg7 29. Rb8 Rh8 30. Rd8 Bc8 31. d7 Bxd7 32. Rxd7+ Kf6 33. Rd8 1-0